|
|
|
|
| LEADER |
01880cas a2200301 a 4500 |
| 001 |
AALejournalIMF010113 |
| 008 |
230101c9999 xx r poo 0 0eng d |
| 020 |
|
|
|c 5.00 USD
|
| 020 |
|
|
|z 9781451977899
|
| 022 |
|
|
|a 1018-5941
|
| 040 |
|
|
|a BD-DhAAL
|c BD-DhAAL
|
| 110 |
2 |
|
|a International Monetary Fund.
|
| 245 |
1 |
2 |
|a A Noteon Debt Reduction and Echonomic Efficiency.
|
| 264 |
|
1 |
|a Washington, D.C. :
|b International Monetary Fund,
|c 1990.
|
| 300 |
|
|
|a 1 online resource (8 pages)
|
| 490 |
1 |
|
|a IMF Working Papers
|
| 500 |
|
|
|a <strong>Off-Campus Access:</strong> No User ID or Password Required
|
| 500 |
|
|
|a <strong>On-Campus Access:</strong> No User ID or Password Required
|
| 506 |
|
|
|a Electronic access restricted to authorized BRAC University faculty, staff and students
|
| 520 |
3 |
|
|a This note examines the efficiency gains that might result from market-based debt reduction and alternative uses of resources. It is argued that when a country's expected output falls short of contractual claims on that output, private investment is drawn to activities that protect the investors' share of future output at the expense of activities that increase future output. Resources provided by a third party could reduce this gap through market-based debt reduction or by supporting government investment or consumption. Given considerable uncertainty about the efficiency returns of alternative uses of resources, it seems likely that an optimal strategy would include both debt reduction and government investment.
|
| 538 |
|
|
|a Mode of access: Internet
|
| 650 |
|
7 |
|a Debt
|2 imf
|
| 650 |
|
7 |
|a Investment
|2 imf
|
| 650 |
|
7 |
|a Market
|2 imf
|
| 650 |
|
7 |
|a Return
|2 imf
|
| 650 |
|
7 |
|a WP
|2 imf
|
| 830 |
|
0 |
|a IMF Working Papers; Working Paper ;
|v No. 1990/036
|
| 856 |
4 |
0 |
|z Full text available on IMF
|u http://elibrary.imf.org/view/journals/001/1990/036/001.1990.issue-036-en.xml
|z IMF e-Library
|